|
|
|
|
| LEADER |
01692cas a2200241 a 4500 |
| 001 |
AALejournalIMF019346 |
| 008 |
230101c9999 xx r poo 0 0eng d |
| 020 |
|
|
|c 5.00 USD
|
| 020 |
|
|
|z 9781498316811
|
| 022 |
|
|
|a 1018-5941
|
| 040 |
|
|
|a BD-DhAAL
|c BD-DhAAL
|
| 100 |
1 |
|
|a Lian, Weicheng.
|
| 245 |
1 |
0 |
|a Technological Changes, Offshoring, and the Labor Share /
|c Weicheng Lian.
|
| 264 |
|
1 |
|a Washington, D.C. :
|b International Monetary Fund,
|c 2019.
|
| 300 |
|
|
|a 1 online resource (57 pages)
|
| 490 |
1 |
|
|a IMF Working Papers
|
| 500 |
|
|
|a <strong>Off-Campus Access:</strong> No User ID or Password Required
|
| 500 |
|
|
|a <strong>On-Campus Access:</strong> No User ID or Password Required
|
| 506 |
|
|
|a Electronic access restricted to authorized BRAC University faculty, staff and students
|
| 520 |
3 |
|
|a Existing studies on the downward trend in the labor share of income mostly focus on changes within individual countries. I document, however, that half of the global decline in the labor share of income can be traced to the relocation of activities between countries. I develop a two-country model to show that when the relative price of investment goods falls, production activities with a small elasticity of substitution between capital and labor tend to get offshored from high- to low-wage countries. The model provides an explanation as to why such relocation may drive the labor share down in both developed and developing economies, as well as globally.
|
| 538 |
|
|
|a Mode of access: Internet
|
| 830 |
|
0 |
|a IMF Working Papers; Working Paper ;
|v No. 2019/142
|
| 856 |
4 |
0 |
|z Full text available on IMF
|u http://elibrary.imf.org/view/journals/001/2019/142/001.2019.issue-142-en.xml
|z IMF e-Library
|